Homo curans. El coraje de cuidar.

Uloženo v:
Podrobná bibliografie
Hlavní autor: Domingo Moratalla, Agustín (autor)
Médium: Neznámo
Vydáno: Madrid, España: Ediciones Encuentro, 2022.
Edice:Colección Nuevo Ensayo
Témata:
Tagy: Přidat tag
Žádné tagy, Buďte první, kdo vytvoří štítek k tomuto záznamu!

MARC

LEADER 00000 a2200000 4500
003 CL-VaPUC
005 20221103163827.0
008 221019t2022 ||||| |||| 00| 0 eng d
999 |c 438805  |d 438803 
020 |a 978-84-1339-107-6 
040 |c Pontificia Universidad Católica de Valparaíso 
082 |a 179.9 DOM 2022 
100 |a Domingo Moratalla, Agustín  |9 494500  |e autor 
245 |a Homo curans.  |b El coraje de cuidar. 
260 |a Madrid, España:  |b Ediciones Encuentro,  |c 2022. 
300 |a 193 páginas. 
490 |a Colección Nuevo Ensayo  |n  19. 
583 |k GC  |c 20221019 
650 |a Cuidado   |x Etica   |9 878089 
650 |a Cuidado y responsabilidad  |9 878090 
650 |a Virtudes  |9 309526 
942 |2 ddc  |c BK 
952 |0 0  |1 0  |2 ddc  |4 0  |6 179_900000000000000_DOM_2022  |7 0  |8 A  |9 587388  |a BIBTEO  |b BIBTEO  |c GEN  |d 2022-10-18  |e 3  |g 20739.00  |i 5655287  |l 1  |m 10  |o 179.9 DOM 2022  |p 5655287  |q 2024-07-31  |r 2023-05-29  |s 2023-05-29  |t 1  |v 20739.00  |w 2022-10-18  |y BK  |k ICR